| 000 | 00460nam a2200133Ia 4500 | ||
|---|---|---|---|
| 005 | 20210429153913.0 | ||
| 008 | 210429s9999 xx 000 0 und d | ||
| 082 | _aMTL- MS NM/MI 2011 | ||
| 100 |
_aNasir Mahmood _954771 |
||
| 245 | _aDevelopment of Nylon Based Polymer Nanocomposites Reinforced with Pristine and Functionalized Multi-Walled Carbon Nanotubes (MWCNTs) | ||
| 260 |
_aNUST (SCME) _bDr. Mohammad Islam _c2011 |
||
| 300 | _ap106 | ||
| 942 |
_2ddc _cREF |
||
| 999 |
_c561107 _d561107 |
||